Logos des clubs de football par lettre - C - Statistiques

Statistiques générales
  • Ce quiz a été pris 138 fois
  • Le résultat moyen est 10 sur 16
Statistiques - réponses
Par images Réponse % Correct
Chelsea
100%
Celtic
97%
Clermont Foot 63
95%
Crystal Palace
94%
{Club} de Bruges
91%
1. FC Cologne
88%
Como
84%
Cagliari
83%
CSKA Moscou
75%
Chicago Fire
60%
Colo-Colo
54%
CFR Cluj
39%
Cruzeiro
31%
Cruz Azul
24%
{Cerezo} Osaka
12%
{Chivas} de Guadalajara
11%
Aucun quiz correspondant
Distribution des résultats
% des personnes avec chaque résultat
Percentile par nombre de réponses
Votre historique - résultats
Vous n’avez pas pris ce quiz